ARRUPE JESUIT UNIVERSITY

CORONAVIRUS -STOP THE SPREAD - CLEAN,DISINFECT,COVER

The Catholic Reformation / (Record no. 125817)

MARC details
000 -LEADER
fixed length control field 00821cam a2200289 a 4500
001 - CONTROL NUMBER
control field 4521023
003 - CONTROL NUMBER IDENTIFIER
control field ARRUPE
005 - DATE AND TIME OF LATEST TRANSACTION
control field 20161129122140.0
008 - FIXED-LENGTH DATA ELEMENTS--GENERAL INFORMATION
fixed length control field 000328s1999 enk b 001 0 eng
010 ## - LIBRARY OF CONGRESS CONTROL NUMBER
LC control number 99012908
020 ## - INTERNATIONAL STANDARD BOOK NUMBER
International Standard Book Number 0415189144 (hb)
020 ## - INTERNATIONAL STANDARD BOOK NUMBER
International Standard Book Number 0415189152 (pbk.)
035 ## - SYSTEM CONTROL NUMBER
System control number (OCoLC)40830082
035 ## - SYSTEM CONTROL NUMBER
System control number (OCoLC)ocm40830082
035 ## - SYSTEM CONTROL NUMBER
System control number (NNC)4521023
040 ## - CATALOGING SOURCE
Original cataloging agency DLC
Transcribing agency DLC
Modifying agency DLC
-- NNUT
042 ## - AUTHENTICATION CODE
Authentication code pcc
090 ## - LOCALLY ASSIGNED LC-TYPE CALL NUMBER (OCLC); LOCAL CALL NUMBER (OCLC)
Classification number (OCLC) (R) ; Classification number, CALL (RLIN) (NR) BR430
Local cutter number (OCLC) ; Book number/undivided call number, CALL (RLIN) .M84 1999
300 ## - PHYSICAL DESCRIPTION
Dimensions 23 cm
100 1# - MAIN ENTRY--PERSONAL NAME
Personal name Mullett, Michael A.
9 (RLIN) 27714
245 14 - TITLE STATEMENT
Title The Catholic Reformation /
Statement of responsibility, etc Michael A. Mullett
260 ## - PUBLICATION, DISTRIBUTION, ETC. (IMPRINT)
Place of publication, distribution, etc London ;
-- New York :
Name of publisher, distributor, etc Routledge,
Date of publication, distribution, etc 1999
300 ## - PHYSICAL DESCRIPTION
Extent xi, 258 p. ;
504 ## - BIBLIOGRAPHY, ETC. NOTE
Bibliography, etc Includes bibliographical references (p. 215-246) and index
650 #0 - SUBJECT ADDED ENTRY--TOPICAL TERM
Topical term or geographic name as entry element Counter-Reformation.
9 (RLIN) 8509
942 ## - ADDED ENTRY ELEMENTS (KOHA)
Source of classification or shelving scheme Library of Congress Classification
Koha item type Monograph ( Printed materials)
Holdings
Withdrawn status Lost status Source of classification or shelving scheme Damaged status Not for loan Collection code Home library Current library Shelving location Date acquired Total Checkouts Full call number Barcode Date last seen Price effective from Koha item type
    Library of Congress Classification     Main Collection ARRUPE LIBRARY ARRUPE LIBRARY Main Collection 29/11/2016   BR430.M85 1999 46500009481 29/11/2016 29/11/2016 Monograph ( Printed materials)

 

Arrupe Library. PO Box MP320 Mt Pleasant, Harare, Zimbabwe
263 242 745411|librarian@aju.ac.zw